Etické a estetické v (slovenskej) literatúre

Bibliographic Details
Main Author: Sabolová, Oľga, 1945-2021 (Author)
Format: Article
Language:Slovak
ISBN:9788089236237
Subjects:

MARC

LEADER 00000nab a2200000 a 4500
001 vtls009518826
003 SK-MaSNL
005 20260305022701.0
008 250507c2006 xo || ||| ab |||| b|slo
015 |a SNBRA2009/05  |2 snkbucl 
035 |a (uuid)3ceda85d-5d91-4498-bd8a-df3fc1df9c04 
035 |a urn:nbn:sk:snk-ab98p7 
035 |a (urnnbn)urn:nbn:sk:snk:ar-007c9j 
038 |a SNKBUCL 
040 |a SNKBUCL  |b slo  |c SNKBUCL  |e AACR2 
041 0 |a slo  |b eng 
044 |a xo  |c SK 
080 |a 82:111.852  |2 2001 
080 |a 82:17  |2 2001 
080 |a [111.852:17]:82  |2 2001 
080 |a 821.162.4:111.852+14  |2 2001 
080 |a 801.82  |2 2001 
100 1 |a Sabolová, Oľga,  |d 1945-2021  |4 aut  |9 117981 
245 1 0 |a Etické a estetické v (slovenskej) literatúre  |c Oľga Sabolová 
504 |a Bibliogr. odkazy v texte a v poznámkach. Literatúra 
546 |a Res. angl. 
650 0 7 |a umelecká literatúra  |2 SNKPH  |9 1488 
650 0 7 |a slovenská literatúra  |2 SNKPH  |9 1115 
650 0 7 |a umelecký text  |2 SNKPH  |9 71570 
650 0 7 |a estetika  |2 SNKPH  |9 791 
650 0 7 |a etika  |2 SNKPH  |9 792 
773 0 |t Studia Academica Slovaca. 36  |d Bratislava : Stimul, 2007  |g S. 249-256  |z 9788089236237 
850 |a Slovenská národná knižnica 
852 |a Slovenská národná knižnica 
954 |a odborná, vedecká literatúra pôvodná (slovenská)  |2 lita 
958 |a article13 
958 |a OND 
958 |a NB 
958 |a LX 
958 |a EUIPO 
999 |c 3292213  |d 3294143